• 首页
  • 本馆介绍
  • 公告通知
  • 最新文献
  • 馆藏检索
  • 电子资源
  • 读者导购
  • 参考咨询
  • 我的图书馆
  • 登录
  • 详细信息显示
  • 放入我的书架
  • 预约/预借图书
  • 作者相关作品
  • 分类相关作品
  • 丛书相关作品
  • 出版社相关作品

书目信息

  • 表格格式
  • 工作单格式
  • 卡片格式
题名:
公务员实用写作
    
 
作者: 郜文斌 , 褚国刚 主编
分册:  
出版信息: 北京   中国人民大学出版社  1997
页数: 380页
开本: 20cm
丛书名:
单 册:
中图分类: H152.3
科图分类: 41.2383
主题词: 写作-公文--教材 , 公文-写作--教材
电子资源:
ISBN: 7-300-02319-3
000 00731nam0 2200265 45
001 0197024244
005 20070602165455.09
010    @a7-300-02319-3@dCNY17.00
100    @a19970814d1997 em y0chiy0121 ea
101 0  @achi
102    @aCN@b110000
105    @ay z 000yy
200 10 @a公务员实用写作@Agong wu yuan shi yong xie zuo@f郜文斌,褚国刚主编
205    @a2版(修订本)
210    @a北京@c中国人民大学出版社@d1997
215    @a380页@d20cm
300    @a实用写作教材系列
606    @a写作-公文@x教材
606    @a公文-写作@x教材
690    @aH152.3@v3
692    @a41.2383
701  0 @a郜文斌@Agao wen bin@4主编
701  0 @a褚国刚@Achu guo gang@4主编
801  0 @aCN@bTSSF@c20070602
905    @a10447@dH152.3@e387
    
    公务员实用写作/郜文斌,褚国刚主编.-2版(修订本).-北京:中国人民大学出版社,1997
    380页;20cm
    实用写作教材系列
    
    ISBN 7-300-02319-3:CNY17.00
    
●
相关链接 在E读中查询图书 在五车中查询图书 在当当中查询图书 在豆瓣中查询图书


正题名:公务员实用写作     索取号:H152.3/387         预约/预借

序号 登录号 条形码 馆藏地/架位号 状态 备注
1 0397704   203977045   第二样本阅览室/ [索取号:H152.3/387] 在馆    
2 0397705   203977054   密集书库/ [索取号:H152.3/387] 在馆    
3 0397706   203977063   密集书库/ [索取号:H152.3/387] 在馆    
4 0397707   203977072   密集书库/ [索取号:H152.3/387] 在馆    
5 0397708   203977081   密集书库/ [索取号:H152.3/387] 在馆    
唐山师范学院图书馆 欢迎您!
大连网信软件有限公司© 版权所有